ملامح الحياة السياسية في الأردن منذ العشرينات و حتى التسعينات / (رقم التسجيلة. 1810)

تفاصيل مارك
000 -LEADER
fixed length control field 00646nam a22001817a 4500
005 - DATE AND TIME OF LATEST TRANSACTION
control field 20251108164028.0
008 - FIXED-LENGTH DATA ELEMENTS--GENERAL INFORMATION
fixed length control field 250721s1998 xx 000 0 ara d
082 14 - DEWEY DECIMAL CLASSIFICATION NUMBER
Classification number 320.9565/غني
100 1# - MAIN ENTRY--PERSONAL NAME
Personal name أبو غنيمه، أحمد زياد
Relator term مؤلف
245 10 - TITLE STATEMENT
Title ملامح الحياة السياسية في الأردن منذ العشرينات و حتى التسعينات /
264 1# - PRODUCTION, PUBLICATION, DISTRIBUTION, MANUFACTURE, AND COPYRIGHT NOTICE
Place of production, publication, distribution, manufacture عمان :
Name of producer, publisher, distributor, manufacturer جمعية عمال المطابع التعاونية،
Date of production, publication, distribution, manufacture, or copyright notice 1998.
300 ## - PHYSICAL DESCRIPTION
Extent 321ص.
650 17 - SUBJECT ADDED ENTRY--TOPICAL TERM
Topical term or geographic name as entry element الأحوال السياسية
650 17 - SUBJECT ADDED ENTRY--TOPICAL TERM
Topical term or geographic name as entry element التاريخ السياسي
650 17 - SUBJECT ADDED ENTRY--TOPICAL TERM
Topical term or geographic name as entry element الأردن
942 ## - ADDED ENTRY ELEMENTS (KOHA)
Source of classification or shelving scheme Dewey Decimal Classification
Koha item type كتب
المقتنيات
حالة السحب حالة الفقدان مصدر التصنيف حالة التلف غير قابل للإعارة المكتبة الرئيسية المكتبة الحالية موقع الرف تاريخ التزويد الرقم المتسلسل Total Checkouts رقم الإستدعاء تاريخ آخر ظهور تاريخ الفاتورة نوع المادة (كوها) الباركود
    Dewey Decimal Classification     المكتبة المركزية المكتبة المركزية الإعارة 02/12/2014 1586861   320.9565/غني 28/07/2025 02/12/2014 كتب PLD00311428
    Dewey Decimal Classification Unchecked   مكتبة أبو علندا العامة مكتبة أبو علندا العامة الإعارة 06/07/2004 2163   320.9565/غني 28/07/2025 06/07/2004 كتب  
    Dewey Decimal Classification Unchecked   مكتبة أم قصير والمقابلين العامة مكتبة أم قصير والمقابلين العامة الإعارة 06/07/2004 5410   320.9565/غني 28/07/2025 06/07/2004 كتب  
    Dewey Decimal Classification Unchecked   مكتبة الاميرة بديعة مكتبة الاميرة بديعة الإعارة 06/07/2004 6934   320.9565/غني 28/07/2025 06/07/2004 كتب  
    Dewey Decimal Classification Unchecked   مكتبة الجويدة مكتبة الجويدة الإعارة 06/07/2004 6876   320.9565/غني 28/07/2025 06/07/2004 كتب  
    Dewey Decimal Classification   Not For Loan مكتبة تاريخ الأردن مكتبة تاريخ الأردن لا يعار 06/12/2010 1453354   320.9565/غني 28/07/2025 06/12/2010 كتب PLD00171798
    Dewey Decimal Classification   Not For Loan مكتبة تاريخ الأردن مكتبة تاريخ الأردن لا يعار 20/09/2015 1605442   320.9565/غني 28/07/2025 20/09/2015 كتب PLD00349335
    Dewey Decimal Classification     مكتبة حمزة العامة مكتبة حمزة العامة الإعارة 08/06/2015 [6538].   320.9565/غني 28/07/2025 08/06/2015 كتب PLD00329628
    Dewey Decimal Classification Unchecked   مكتبة صويلح العامة مكتبة صويلح العامة الإعارة 06/07/2004 14140   320.9565/غني 28/07/2025 06/07/2004 كتب  
    Dewey Decimal Classification     مكتبة وادي السير العامة مكتبة وادي السير العامة الإعارة 06/07/2004 7826   320.9565/غني 28/07/2025 06/07/2004 كتب 7826
Implemented & Customized by: BBB with SCIT (Smart Chains for Information Technology)

Powered by Koha